00383nam a2200145Ia 4500008004100000040001900041041001200060082002000072100002500092245004000117260002800157300001900185650001400204850001900218131103s9999 xx 000 0 und d aLoreto College aEnglish aC922/WILbLCLIB aWilliamson, Benidict aServite saintscBenidict Williamson aLondonbAleexnderc1933 a173p. c 20cm. aBiography aLCLIB/C922/WIL